| 000 | 00599nam a2200205 i 4500 | ||
|---|---|---|---|
| 001 | 69143 | ||
| 003 | ES-MaACL | ||
| 005 | 20230906170439.0 | ||
| 007 | t| | ||
| 008 | 031205s1906 fr ||||1| fre d | ||
| 100 | 1 |
_aLe Brun, Roger. _970853 |
|
| 245 | 1 | 0 |
_aGeorges Courteline / _cpar Roger Le Brun. |
| 260 |
_aParis : _bE. Sansot, _c1906. |
||
| 300 |
_a83 p. : _bretr. ; _c19 cm. |
||
| 490 | 1 | _aLes célébrités d'aujourd'hui | |
| 600 | 1 | 4 |
_aCourteline, Georges- _xBiografías. _941283 |
| 830 | 0 |
_aLes célébrités d'aujourd'hui _9180788 |
|
| 852 |
_aES-MaACL _jD-751(2) |
||
| 999 |
_c69143 _d69143 |
||